Laserom textúrované povrchy

Na minha lista:
Detalhes bibliográficos
Autor principal: Pavlus, Lukáš, 1991- (Author)
Outros Autores: Šugár, Peter, 1967- (Thesis advisor)
Formato: Manuscrito Livro
Idioma:eslovaco
Publicado em: 2015
Assuntos:
Acesso em linha:http://is.stuba.sk/zp/portal_zp.pl?podrobnosti=110228
Tags: Adicionar Tag
Sem tags, seja o primeiro a adicionar uma tag!

MARC

LEADER 00000ntm a22000003a 4500
001 stuzp51129
003 SK-STU
005 20160719153748.9
007 ta
008 150427s2015----xo-----f-mn---000-0-slo-d
040 |a STU  |b slo 
041 0 |a slo 
100 1 |a Pavlus, Lukáš,  |d 1991-  |u 063000  |4 aut  |U MTF Materiálovotechnologická fakulta  |T MTF Ústav výrobných technológií  |X 6670  |U M3000  |Y 83  |7 A000006670 
242 0 1 |a Laser-textured surfaces  |y eng 
245 1 0 |a Laserom textúrované povrchy 
260 |c 2015 
650 4 |a mikroštruktúrovanie  |2 slo 
650 4 |a textúrovanie multifunkčných povrchov  |2 slo 
650 4 |a hodnotenie topografie povrchu  |2 slo 
650 4 |a laserové mikroobrábanie  |2 slo 
650 4 |a laser micromachining  |2 eng 
650 4 |a micro-structuring  |2 eng 
650 4 |a texturing of multifunctional surfaces  |2 eng 
650 4 |a measurement of surface topography  |2 eng 
700 1 |a Šugár, Peter,  |d 1967-  |4 ths  |X 3552  |7 A000003552 
856 4 |u http://is.stuba.sk/zp/portal_zp.pl?podrobnosti=110228 
996 |c M* DP-12298  |l MMSKP  |s P  |a 0  |w stuzp51129_0001 
SQL |a stuzp51129  |b DDP  |c SLO  |d Laserom textúrované povrchy  |e 6670  |f Pavlus, Lukáš  |g 063000  |h 3552  |i Šugár, Peter  |j 20150603  |k 186  |l 06  |m http://is.stuba.sk/zp/portal_zp.pl?podrobnosti=110228  |n I-OAM  |o 5.2.51. výrobné technológie